| 000 | 00889cam a2200301 a 4500 | ||
|---|---|---|---|
| 001 | 15306 | ||
| 003 | BD-RjUL | ||
| 005 | 20211208235806.0 | ||
| 008 | 140209s1990 ilua b 001 0 eng | ||
| 020 | _a0030275598 | ||
| 035 | _a(BD-RjUL)15360 | ||
| 040 |
_aDLC _cDLC _dDLC _dBD-RjUL _beng |
||
| 041 | _aeng | ||
| 082 | 0 | 0 |
_a658 _219 _bBOC |
| 100 | 1 |
_aBoone, Louis E. _947572 |
|
| 245 | 1 | 0 |
_aContemporary business / _cLouis E. Boone, David L. Kurtz. |
| 250 | _a6th ed. | ||
| 260 |
_aChicago : _bDryden Press, _cc1990. |
||
| 300 |
_axxxvii,745, [43] p. : _bcol. ill. ; _c26 cm. |
||
| 504 | _aIncludes bibliographical references and indexes. | ||
| 650 | 0 |
_aBusiness. _947574 |
|
| 650 | 0 |
_aManagement. _947575 |
|
| 700 | 1 |
_aKurtz, David L. _947576 |
|
| 942 |
_2ddc _cBK |
||
| 999 |
_c15306 _d15306 |
||